<The> right to the city social justice and the fight for public space

Saved in:
Bibliographic Details
Main Author: Mitchell, Don
Format: Book
Language:English
Published: New York Guilford Press 2003
Subjects:
Tags: Add Tag
No Tags, Be the first to tag this record!

MARC

LEADER 00000nam$a2200000$$$4500
001 0052786
005 20240306135327.4
020 |a 1-57230-847-8 
041 0 |a eng 
044 |a US 
245 1 0 |a <The> right to the city  |b social justice and the fight for public space  |c Don Mitchell 
264 1 |a New York  |b Guilford Press  |c 2003 
300 |a 270 s. 
610 2 0 |a právo 
610 2 0 |a právo sociálne 
610 2 0 |a mestá 
100 1 |a Mitchell, Don